000 00843nam a2200217Ii 4500
003 JO-AjNU
008 230605s9999||||xx |||||||||||||| ||und||
040 _aJO-AjNU
_bara
_erda
_cJO-AjNU
041 _aara
050 1 4 _aDS36.1.B57 1992
100 3 _aبقلم البشري، طارق؛ تقديم وقراءة طه جابر العلواني,
_eauthor
_952593
245 0 0 _aمشكلتان وقراءة فيهما
250 _aط2
264 3 1 _aالولايات المتحدة الامريكية: المعهد العالمي للفكر الاسلامي، 1992
300 _a86ص
336 _atext
_btxt
_2rdacontent
337 _aunmediated
_bn
_2rdamedia
338 _avolume
_bnc
_2rdacarrier
490 0 _aسلسلة قضايا الفكر الاسلامي؛ (8)
650 4 _aالبلاد العربية - نظام الحكم
_952594
999 _aA23307
_c26875
_d26875